| 000 | 01103nam a22002537a 4500 | ||
|---|---|---|---|
| 005 | 2010081603353.0 | ||
| 008 | 090601t xxu||||| |||| 00| 0 Ur d | ||
| 010 | _aUR-7739 | ||
| 020 | _c100.00 | ||
| 035 | _aU-6294 | ||
| 040 |
_adpl _bUrdu |
||
| 082 | _aک | ||
| 100 |
_aمحّمد اکبرخاں _913525 |
||
| 245 |
_aذرّہ ذوّہ نورنور / _cمحّمد اکبرخاں |
||
| 246 |
_aZarra Zarra Noor Noor / _bby Mohammed Akber Khan |
||
| 260 |
_aحیدرآباد _c2008 _bمجلس قدسیہ |
||
| 270 |
_aH.No. 18-13/132/2/194, Quba Colony, Pahadi Shareef Road _bHyderabad |
||
| 300 |
_a191 ص _b22 س م (Hb) |
||
| 700 | _913766 | ||
| 710 |
_aساحل احمد _913526 |
||
| 942 |
_2ddc _cUR _h841.08 _mس ہ ی |
||
| 999 |
_c42083 _d42083 |
||